00888nam a2200241 a 450000100060000000300090000600800410001502000160005604000280007208200180010010000270011824500700014525000060021526000280022130000110024949000570026059000640031765000370038165000340041894200120045299900170046495201650048119077CO-ViMGA141112s2004 ck r 000 u spa d a84711200070 aCO-ViMGAbspacCO-ViMGA04a151.223 V153t1 aValentine, C.W.92737010aTests de inteligencia para niños, aplicables de 1;6 - 15 años a5 aMadrid : bMorata; 2002 a182 p. aColección Psicologia : la psicología y el niño aForma de adquisición : Proyecto 2005 - - Precio : 126.0014aINTELIGENCIA - PSICOLOGIA92737114aPRUEBAS DE INTELIGENCIA92032 2ddccBK c28263d28263 00102ddc40708002aMEVIECARbMEVIECARd2015-12-04hVolumen. 1 | 11/jun/2009l1o151.223 V153t p19077r2022-10-05 00:00:00s2018-06-15tEj. 1w2015-12-04yBK